Länder der Welt ohne S im Namen - Statistiken

Allgemein
  • Dieses Quiz wurde 406 mal gespielt
    376 seit der letzten Aktualisierung
  • Das Durchschnittsergebnis liegt bei 89 aus 112
Antwortstatistiken
Hint Antwort % Korrekt
China
95%
Jemen
92%
Albanien
91%
Andorra
91%
C Chile
91%
I Indien
91%
Polen
91%
Argentinien
90%
F Finnland
90%
Norwegen
90%
A Ägypten
89%
Belgien
89%
Frankreich
89%
Iran
89%
Italien
89%
Japan
89%
Kanada
89%
O Oman
89%
D Dänemark
88%
Griechenland
88%
Irland
88%
Portugal
88%
Irak
87%
L Lettland
87%
Luxemburg
87%
Z Zypern
87%
H Haiti
86%
Jordanien
86%
Niederlande
86%
Niger
86%
Armenien
85%
Angola
84%
Kenia
84%
Litauen
84%
Monaco
84%
Nigeria
84%
Venezuela
84%
Bolivien
83%
Georgien
83%
Mexiko
83%
Türkei
83%
Bulgarien
82%
Ghana
82%
Libyen
82%
Marokko
82%
Peru
82%
Thailand
82%
Uruguay
82%
Eritrea
81%
Guyana
81%
Kroatien
81%
Ungarn
81%
E Ecuador
80%
Guinea
80%
J Jamaika
80%
Mali
80%
Malta
80%
Mongolei
80%
N Namibia
80%
Panama
80%
Paraguay
80%
Ruanda
80%
Togo
80%
Nordkorea
79%
Nordmazedonien
79%
R Republik Kongo
79%
Rumänien
79%
Ukraine
79%
Algerien
78%
Bhutan
78%
G Gabun
78%
B Bahrain
77%
Kuba
77%
U Uganda
77%
Gambia
76%
Kolumbien
76%
Vietnam
76%
Belize
75%
Katar
75%
Libanon
75%
Nepal
75%
Papua-Neuguinea
75%
Äquatorialguinea
74%
K Kamerun
74%
Guatemala
73%
Mauretanien
73%
Benin
72%
Äthiopien
71%
Brunei
71%
Liberia
71%
Moldawien
71%
Montenegro
71%
Myanmar
71%
Nicaragua
71%
Kap Verde
70%
Komoren
70%
Kuwait
70%
Malediven
70%
P Palau
70%
Tonga
70%
V Vanuatu
70%
Dominica
68%
Trinidad und Tobago
68%
Burundi
67%
M Malawi
67%
Grenada
66%
Tuvalu
66%
Nauru
65%
Philippinen
65%
Antigua und Barbuda
64%
T Taiwan
64%
Kiribati
61%
Keine übereinstimmenden Quizze gefunden
Verteilung der Resultate
Anzahl Personen mit jedem Resultat
Perzentil nach korrekt beantworteten Fragen
Ihre Resultats-Entwicklung
Sie haben dieses Quiz seit der letzten Aktualisierung nicht gespielt